• 首页
  • 本馆介绍
  • 公告通知
  • 最新文献
  • 馆藏检索
  • 电子资源
  • 读者导购
  • 参考咨询
  • 我的图书馆
  • 登录
  • 详细信息显示
  • 放入我的书架
  • 预约/预借图书
  • 作者相关作品
  • 分类相关作品
  • 丛书相关作品
  • 出版社相关作品

书目信息

  • 表格格式
  • 工作单格式
  • 卡片格式
题名:
硅稳压管
    
 
作者: 维杰涅夫 , 维尔申 著 ;汤德正 译
分册:  
出版信息: 上海   上海科学技术出版社  1964
页数: 91页
开本: 20cm
丛书名: 自动化丛书
单 册:
中图分类: TN3
科图分类:
主题词: 半导体技术
电子资源:
ISBN:
000 00854nam0 2200289 450
000 00817nam0 2200277 450
000 00381nam0 2200181 450
001 0664026016
005 20060508175136.67
010    @dCNY0.36
100    @a20060508d1964 km y0chiy0120 ea
101 0  @achi@crus
102    @aCN@b310000
102    @aCN@b310000
200 1  @a硅稳压管@Agui wen ya guan
210    @a上海@c上海科学技术出版社@d1964
215    @a91页@d20cm
225    @a自动化丛书
410  0 @12001 @a自动化丛书
606 0  @a半导体技术
690    @aTN3@v3
701  0 @a维杰涅夫@Awei jie nie fu@4著
701  0 @a维尔申@Awei er shen@4著
702  0 @a汤德正@Atang de zheng@4译
801  0 @aCN@bPFT@c20060508
905    @a10447@dTN3@e12
    
    硅稳压管.-上海:上海科学技术出版社,1964
    91页;20cm.-(自动化丛书)
    
    
    ISBN :CNY0.36
    
●
相关链接 在E读中查询图书 在五车中查询图书 在当当中查询图书 在豆瓣中查询图书


正题名:硅稳压管     索取号:TN3/12         预约/预借

序号 登录号 条形码 馆藏地/架位号 状态 备注
1 0018135   202314307   密集书库/ [索取号:TN3/12] 在馆    
唐山师范学院图书馆 欢迎您!
大连网信软件有限公司© 版权所有